000 00723nam a22002297a 4500
999 _c14639
_d14639
003 AR-CdUCM
008 190424b ||||| |||| 00| 0 spa d
020 _a978-84-9825-920-9
040 _aMUNICIPALIDAD PROVINCIAL DEL CUSCO
_cBIBLIOTECA MUNICIPAL DEL CUSCO
082 _22ed.
_aPI / 376.1 /
_bH61
110 _aCombel
_932671
245 _aPequeño Buba busca a su elefante /
260 _aBarcelona :
_bCombel editorial,
_c2015.
300 _bilustraciones, graficos, dibujos
_c15 cm.
500 _aCuadermo de ayuda para aniños
650 _aHistoria
_9136
650 _aLiteratura
_983
700 _aHo, Jannie
_933505
856 _fwww.combeleditorial.com
942 _2ddc
_cLIBROS
945 _apjha
_d2019-04-24